000 00526cam a2200181 4500500
005 20260405000426.0
041 _afre
042 _adc
100 1 0 _aMathias, Paul
_eauthor
245 0 0 _aMichel Eyquem de Montaigne
260 _c2007.
500 _a22
690 _aEssais
690 _aHumanité
690 _aMontaigne
786 0 _nPhilosophie magazine | 9 | 5 | 2007-05-01 | p. 27-27 | 1951-1787
856 4 1 _uhttps://shs.cairn.info/magazine-philosophie-magazine-2007-5-page-27?lang=fr&redirect-ssocas=7080
999 _c2036940
_d2036940